书目信息 |
| 题名: |
下一站伦敦
|
|
| 作者: | ;下一站编辑部 主编 | |
| 分册: | ||
| 出版信息: | 桂林 广西师范大学出版社 2012 |
|
| 页数: | 270页 | |
| 开本: | 22cm | |
| 丛书名: | ||
| 单 册: | ||
| 中图分类: | K956.19 | |
| 科图分类: | ||
| 主题词: | 旅游指南--伦敦 | |
| 电子资源: | ||
| ISBN: | 978-7-5495-0753-5 | |
| 000 | 00879nam0 2200265 450 | |
| 001 | 338350 | |
| 005 | 20150601152010.57 | |
| 010 | @a978-7-5495-0753-5@dCNY48.00 | |
| 100 | @a20120417d2012 em y0chiy50 ea | |
| 101 | 0 | @achi |
| 102 | @aCN@b450000 | |
| 105 | @ay z 000yy | |
| 106 | @ar | |
| 200 | 1 | @a下一站伦敦@Axia yi zhan lun dun@d= Next London@f下一站编辑部主编@zeng |
| 210 | @a桂林@c广西师范大学出版社@d2012 | |
| 215 | @a270页@c图, 地图@d22cm | |
| 305 | @a由星岛出版有限公司授权出版 | |
| 314 | @a主编取自CIP数据 | |
| 330 | @a本书介绍了伦敦的6大主题游、232个热门景点攻略、超过300个名店及景点、10大郊游好去处, 深度体验伦敦至潮7大区, 血拼三大名牌购物街。 | |
| 510 | 1 | @aNext London@zeng |
| 606 | 0 | @a旅游指南@y伦敦 |
| 690 | @aK956.19@v5 | |
| 711 | 02 | @a下一站编辑部@Axia yi zhan bian ji bu@4主编 |
| 801 | 0 | @aCN@b卓展宏图@c20150525 |
| 905 | @dK956.19@e312@f4 | |
| 下一站伦敦= Next London/下一站编辑部主编.-桂林:广西师范大学出版社,2012 |
| 270页:图, 地图;22cm |
| ISBN 978-7-5495-0753-5:CNY48.00 |
| 本书介绍了伦敦的6大主题游、232个热门景点攻略、超过300个名店及景点、10大郊游好去处, 深度体验伦敦至潮7大区, 血拼三大名牌购物街。 |
| ● |
| 相关链接 |
|
|
|
|
正题名:下一站伦敦
索取号:K956.19/312
 
预约/预借
| 序号 | 登录号 | 条形码 | 馆藏地/架位号 | 状态 | 备注 |
| 1 | 861831 | 208618316 | 第二样本阅览室/ [索取号:K956.19/312] | 在馆 | |
| 2 | 861832 | 208618325 | 第二借阅区/ [索取号:K956.19/312] | 在馆 | |
| 3 | 861833 | 208618334 | 密集书库-资源管理系/ [索取号:K956.19/312] | 在馆 | |
| 4 | 861834 | 208618343 | 第二借阅区/ [索取号:K956.19/312] | 在馆 |